Biggest Spanish Cities A-Z - Statistics

General Stats
  • This quiz has been taken 76 times
  • The average score is 10 of 26
Answer Stats
Letter Population City % Correct
M 3,422,416 Madrid
100%
B 1,686,208 Barcelona
98%
S 686,741 Seville
98%
V 824,340 València
98%
Z 691,037 Zaragoza
95%
A 358,608 Alicante
72%
C 324,902 Córdoba
68%
P 438,234 Palma
68%
O 220,027 Oviedo
55%
G 270,219 Gijón
46%
J 214,844 Jerez de la Frontera
43%
L 383,516 Las Palmas de Gran Canaria
43%
H 143,526 Huelva
37%
E 242,317 Elche
35%
D 188,487 Donostia
26%
R 109,961 Reus
18%
F 190,496 Fuenlabrada
14%
T 228,294 Terrassa
11%
I 63,298 Irun
6%
N 39,320 Narón
3%
U 52,279 Utrera
3%
K 2,706 Karrantza Harana
2%
Q 26,272 Quart de Poblet
2%
W 297 Wamba
2%
X 31,803 Xirivella
2%
Y 17,901 Yaiza
2%
No matching quizzes found
Score Distribution
Percent of People with Each Score
Percentile by Number Answered
Your Score History
You have not taken this quiz